=LDR 00000nam 2200000 4500 =001 INLIS000000000006551 =005 20130612094657 =008 ***********************************Ind** =035 ##$$0010-061300000006551 =041 ##$$a Ind =082 ##$$a 060 =090 ##$$a 060, Ste t =100 ##$$a Stemerding, A.H.S =245 ##$$a Teknik rapat dan diskusi kelompok, A.H.S. Stemerding =260 ##$$a 1978 $b Jakarta =300 ##$$a xii, 129 hlm., Ilus., 21 cm =650 ##$$a Organisasi =850 ##$$a NBPNMAT